Velké brániční kýly - kontroverze

Bibliographic Details
Main Authors: Dostalík, J. (Author), Martínek, L. (Author)
Format: Article
Language:Czech

MARC

LEADER 00000nab a2200000uu 4500
001 vtls010897043
003 SK-MaSNL
005 20260303142324.0
008 230222|2010 xo |||||||||||||||||cze|
015 |a SNBRB 
035 |a (urnnbn)urn:nbn:sk:snk:ar-006mg9 
035 |a (uuid)61d17b1f-655d-43e4-b2e3-8f4a1d4c28cd 
035 |a urn:nbn:sk:snk-ab8pk3 
040 |a SNKBUCL  |b slo  |c SNKBUCL  |e AACR2 
041 0 |a cze 
044 |a xo  |c SK 
100 1 |a Dostalík, J.  |4 aut  |9 970480 
245 1 0 |a Velké brániční kýly - kontroverze  |c J. Dostalík, L. Martínek 
700 1 |a Martínek, L.  |4 aut  |9 787342 
773 0 |t Miniinvazívna chirurgia a endoskopia  |g Roč. 14, č. 4 (2010), s. 4-7 
958 |a OND 
958 |a EUIPO 
958 |a article10 
999 |c 1982021  |d 1983951